[Event "Athens Chess Square op"]
[Site "Athens"]
[Date "2019.01.03"]
[Round "3"]
[White "Girvalakis, Spyridon"]
[Black "Kotronias, Vasilios"]
[Result "0-1"]
[WhiteElo "1925"]
[BlackElo "2493"]
[PlyCount "60"]
[EventDate "2019.01.01"]
[EventType "swiss"]
[EventRounds "8"]
[EventCountry "GRE"]
[SourceTitle "CBM 189 Extra"]
[Source "ChessBase"]
[SourceDate "2019.05.31"]
[SourceVersion "1"]
[SourceVersionDate "2019.05.31"]
[SourceQuality "1"]

1. d4 Nf6 2. c4 e6 3. Nf3 c5 4. d5 exd5 5. cxd5 d6 6. Nc3 g6 7. g3 Bg7 8. Bg2 0-0 9. 0-0 Re8 10. Re1 a6 11. a4 Nbd7 12. Nd2 Rb8 13. Nc4 Ne5 14. Nxe5 Rxe5 15. Bf4 Re8 16. Qd3 Ng4 17. Ne4 Bf5 18. f3 Bxe4 19. fxe4 Bd4+ 20. e3 Bxb2 21. Rab1 Bg7 22. Bh3 h5 23. Bxg4 hxg4 24. Qe2 g5 25. Qxg4 gxf4 26. exf4 Qf6 27. e5 dxe5 28. fxe5 Rxe5 29. Rxe5 Qxe5 30. Rxb7 Qd4+ 0-1

[Event "Heraklio SOI op 11th"]
[Site "Heraklion"]
[Date "2014.04.22"]
[Round "2"]
[White "Mardoyan Ararat, T Artur"]
[Black "Girvalakis, Spyridon"]
[Result "0-1"]
[WhiteElo "1419"]
[BlackElo "1981"]
[PlyCount "78"]
[EventDate "2014.04.21"]
[EventType "swiss"]
[EventRounds "7"]
[EventCountry "GRE"]
[SourceTitle "EXT 2024"]
[Source "ChessBase"]
[SourceDate "2023.10.10"]
[SourceVersion "1"]
[SourceVersionDate "2023.10.10"]
[SourceQuality "1"]

1. e4 e6 2. d4 d5 3. exd5 exd5 4. c4 Nf6 5. Nf3 Bb4+ 6. Nc3 0-0 7. Bg5 Qe8+ 8. Be2 Ne4 9. Qc2 Bf5 10. Qb3 Bxc3+ 11. bxc3 Nxg5 12. Nxg5 Bd3 13. Qb2 Bxc4 14. Kf1 Bxe2+ 15. Qxe2 Qxe2+ 16. Kxe2 Nd7 17. Rhe1 Rfe8+ 18. Kf1 Nf6 19. f3 h6 20. Nh3 Kf8 21. Nf4 Rxe1+ 22. Rxe1 Re8 23. Re5 Rxe5 24. dxe5 g5 25. Nd3 Nd7 26. Ke2 Ke7 27. g3 Ke6 28. f4 gxf4 29. gxf4 Kf5 30. Kf3 c5 31. Nf2 h5 32. Ke3 Nf8 33. Kf3 Ne6 34. Nh3 d4 35. cxd4 cxd4 36. a3 b5 37. Kg3 a5 38. Kf3 b4 39. axb4 axb4 0-1

[Event "Ambelokipi op 130th"]
[Site "Athens"]
[Date "2012.12.19"]
[Round "?"]
[White "Vazelakis, Dimitrios"]
[Black "Girvalakis, Spyridon"]
[Result "1-0"]
[WhiteElo "1982"]
[BlackElo "2031"]
[PlyCount "115"]
[EventDate "2012.12.01"]
[EventType "swiss"]
[EventRounds "7"]
[EventCountry "GRE"]
[SourceTitle "EXT 2024"]
[Source "ChessBase"]
[SourceDate "2023.10.10"]
[SourceVersion "1"]
[SourceVersionDate "2023.10.10"]
[SourceQuality "1"]

1. c4 Nf6 2. g3 c6 3. Nf3 d5 4. Bg2 h6 5. d4 Bf5 6. cxd5 Nxd5 7. Nc3 e6 8. 0-0 Nd7 9. Nd2 Bg6 10. e4 N5f6 11. d5 e5 12. dxc6 bxc6 13. Nc4 Qc7 14. Qa4 Nc5 15. Qa5 Qxa5 16. Nxa5 Kd7 17. Nc4 Re8 18. Be3 Kc7 19. Rad1 Nfd7 20. b4 Ne6 21. a3 a6 22. Rd2 f6 23. Rfd1 Rd8 24. Bh3 Bf7 25. Bb6+ Nxb6 26. Rxd8 Nxd8 27. Nxb6 Ne6 28. Rd7+ Kxb6 29. Bf1 c5 30. Rxf7 cxb4 31. axb4 Bxb4 32. Nd5+ Ka5 33. Ra7 Nc5 34. Bxa6 Nxa6 35. Nxb4 Kxb4 36. Rxa6 Kc4 37. Rd6 Ra8 38. Rd7 Rg8 39. Kg2 Kc5 40. Kf3 Kc6 41. Ra7 Kd6 42. h4 g5 43. hxg5 hxg5 44. Kg4 Rc8 45. Kf5 Rc2 46. Kxf6 Rxf2+ 47. Kxg5 Kc5 48. Rd7 Rf3 49. g4 Rf4 50. Rd5+ Kc6 51. Rxe5 Rf1 52. Rf5 Re1 53. e5 Kd5 54. Kf6 Ra1 55. g5 Ra8 56. e6+ Kd6 57. e7 Kd7 58. Kf7 1-0

[Event "Ambelokipi op 130th"]
[Site "Athens"]
[Date "2012.12.05"]
[Round "?"]
[White "Girvalakis, Spyridon"]
[Black "Michailidis, Dimitrios"]
[Result "1-0"]
[WhiteElo "2031"]
[BlackElo "1756"]
[PlyCount "120"]
[EventDate "2012.12.01"]
[EventType "swiss"]
[EventRounds "7"]
[EventCountry "GRE"]
[SourceTitle "EXT 2024"]
[Source "ChessBase"]
[SourceDate "2023.10.10"]
[SourceVersion "1"]
[SourceVersionDate "2023.10.10"]
[SourceQuality "1"]

1. e4 e5 2. Nf3 Nc6 3. Bb5 a6 4. Ba4 Nf6 5. d3 b5 6. Bb3 Be7 7. Bg5 0-0 8. Nbd2 d6 9. c3 Na5 10. Bc2 c5 11. Nf1 Ng4 12. Bxe7 Qxe7 13. h3 Nf6 14. Ne3 g6 15. Qd2 Nc6 16. g4 a5 17. a4 b4 18. Bb3 bxc3 19. bxc3 Be6 20. Nd5 Bxd5 21. exd5 e4 22. dxc6 exf3+ 23. Qe3 Qxe3+ 24. fxe3 Rab8 25. Rb1 Nd5 26. Kd2 Ne7 27. e4 Kg7 28. Ke3 Rb6 29. Bd5 Rfb8 30. Rxb6 Rxb6 31. Rf1 h6 32. Rxf3 f6 33. h4 g5 34. hxg5 hxg5 35. Rf1 Rb2 36. Rd1 Rb6 37. Rc1 Kf8 38. Kd2 Kg7 39. Kc2 Kf8 40. Kd2 Kg7 41. Ke3 Kf8 42. d4 cxd4+ 43. Kxd4 Rb2 44. Kc4 Rb6 45. Kd3 Kg7 46. Kc2 Kf8 47. Rb1 Rxb1 48. Kxb1 Kg7 49. Kc2 Kf8 50. Bc4 Nc8 51. Kd3 Nb6 52. Bb5 Nc8 53. Kd4 Ne7 54. c4 Kf7 55. c5 dxc5+ 56. Kxc5 Ng6 57. Kd5 Nf4+ 58. Kc5 Ne6+ 59. Kd5 Nf4+ 60. Kd4 Ne6+ 1-0

[Event "Ambelokipi op 120th"]
[Site "Athens"]
[Date "2011.12.20"]
[Round "7"]
[White "Ilandzis, Spyridon"]
[Black "Girvalakis, Spyridon"]
[Result "1-0"]
[WhiteElo "2124"]
[BlackElo "2062"]
[PlyCount "73"]
[EventDate "2011.12.03"]
[EventType "swiss"]
[EventRounds "7"]
[EventCountry "GRE"]
[SourceTitle "EXT 2024"]
[Source "ChessBase"]
[SourceDate "2023.10.10"]
[SourceVersion "1"]
[SourceVersionDate "2023.10.10"]
[SourceQuality "1"]

1. b3 Nf6 2. Bb2 c5 3. e3 Nc6 4. f4 d6 5. Nf3 g6 6. Be2 Bg7 7. 0-0 0-0 8. a4 Bg4 9. h3 Bd7 10. Na3 Ne4 11. Bxg7 Kxg7 12. Qe1 d5 13. d3 Nf6 14. Ne5 Rc8 15. Bf3 Be6 16. Nxc6 Rxc6 17. Nb5 a6 18. Nc3 h5 19. e4 d4 20. e5 Nd5 21. Nxd5 Bxd5 22. f5 Rh8 23. Qg3 h4 24. Qf4 Rh6 25. Rae1 gxf5 26. Qxf5 e6 27. Qf4 Bxf3 28. Qxf3 Rc7 29. Re4 Qe7 30. Rf4 Kf8 31. Qg4 Ke8 32. Qg8+ Qf8 33. Qg5 Qh8 34. Rf6 Rxf6 35. exf6 Kf8 36. Rf4 Qg8 37. Qe5 1-0

[Event "Ambelokipi op 111th"]
[Site "Athens"]
[Date "2011.03.30"]
[Round "6"]
[White "Girvalakis, Spyridon"]
[Black "Sideris, Theodoros"]
[Result "1-0"]
[WhiteElo "2072"]
[BlackElo "2025"]
[PlyCount "79"]
[EventDate "2011.03.12"]
[EventType "swiss"]
[EventRounds "7"]
[EventCountry "GRE"]
[SourceTitle "EXT 2024"]
[Source "ChessBase"]
[SourceDate "2023.10.10"]
[SourceVersion "1"]
[SourceVersionDate "2023.10.10"]
[SourceQuality "1"]

1. d4 Nf6 2. c4 c5 3. d5 b5 4. Nc3 b4 5. Nb1 g6 6. b3 Bg7 7. Bb2 0-0 8. Nf3 d6 9. g3 a5 10. a3 Na6 11. a4 e6 12. dxe6 fxe6 13. Bg2 Bb7 14. 0-0 Qe7 15. Nbd2 Ne4 16. Bxg7 Kxg7 17. Nxe4 Bxe4 18. Ne1 Bxg2 19. Nxg2 Rad8 20. Qd3 Nb8 21. Qe4 Nd7 22. Nf4 Rfe8 23. Rad1 Nf6 24. Qc6 g5 25. Nh3 h6 26. f4 g4 27. Nf2 d5 28. e4 Rc8 29. Qb5 dxe4 30. Rfe1 Red8 31. Qxa5 Rxd1 32. Nxd1 Qd6 33. Nf2 Qd2 34. Qa7+ Kg6 35. Rd1 Qe2 36. Rd7 e3 37. Ne4 Nxe4 38. Rg7+ Kf5 39. Qf7+ Nf6 40. Qg6# 1-0

[Event "Heraklion Galaxy op 1st"]
[Site "Heraklion"]
[Date "2011.01.08"]
[Round "6"]
[White "Gratsea, Ekaterini"]
[Black "Girvalakis, Spyridon"]
[Result "0-1"]
[WhiteElo "1751"]
[BlackElo "2072"]
[PlyCount "42"]
[EventDate "2011.01.04"]
[EventType "swiss"]
[EventRounds "7"]
[EventCountry "GRE"]
[SourceTitle "EXT 2024"]
[Source "ChessBase"]
[SourceDate "2023.10.10"]
[SourceVersion "1"]
[SourceVersionDate "2023.10.10"]
[SourceQuality "1"]

1. d4 Nf6 2. c4 e6 3. Nc3 Bb4 4. Qc2 d5 5. Bg5 h6 6. Bh4 c5 7. cxd5 exd5 8. e3 Nc6 9. Bxf6 Qxf6 10. dxc5 0-0 11. a3 Bf5 12. Qd2 Bxc3 13. Qxc3 d4 14. exd4 Rfe8+ 15. Be2 Nxd4 16. Rc1 Rad8 17. Kf1 Nxe2 18. Nxe2 Bd3 19. Re1 Qxc3 20. bxc3 Bxe2+ 21. Rxe2 Rd1+ 0-1

[Event "Heraklion Galaxy op 1st"]
[Site "Heraklion"]
[Date "2011.01.05"]
[Round "3"]
[White "Girvalakis, Spyridon"]
[Black "Varveraki, Argiri"]
[Result "1-0"]
[WhiteElo "2072"]
[BlackElo "1523"]
[PlyCount "65"]
[EventDate "2011.01.04"]
[EventType "swiss"]
[EventRounds "7"]
[EventCountry "GRE"]
[SourceTitle "EXT 2024"]
[Source "ChessBase"]
[SourceDate "2023.10.10"]
[SourceVersion "1"]
[SourceVersionDate "2023.10.10"]
[SourceQuality "1"]

1. c4 e5 2. Nc3 f5 3. g3 Nf6 4. Bg2 Nc6 5. d3 g6 6. Nf3 Bg7 7. 0-0 0-0 8. Be3 d6 9. Qd2 Re8 10. Rab1 Qe7 11. b4 a6 12. Rfc1 Nd8 13. Nd5 Qd7 14. Bg5 Nh5 15. e4 f4 16. g4 c6 17. Nb6 Qxg4 18. h3 Qe6 19. Nxa8 Qf7 20. Nb6 Ne6 21. Nxc8 Rxc8 22. c5 dxc5 23. bxc5 h6 24. Bh4 g5 25. Qb4 Rb8 26. Qb6 Nd4 27. Nxd4 exd4 28. Qb3 gxh4 29. Qxf7+ Kxf7 30. Rb6 Be5 31. Rcb1 Ke6 32. Rxb7 Ra8 33. R1b6 1-0

[Event "Heraklio op 13th"]
[Site "Heraklion"]
[Date "2009.06.20"]
[Round "8"]
[White "Girvalakis, Spyridon"]
[Black "Ignatiadis, Konstantinos"]
[Result "1/2-1/2"]
[WhiteElo "2061"]
[BlackElo "2216"]
[PlyCount "42"]
[EventDate "2009.06.13"]
[EventType "swiss"]
[EventRounds "9"]
[EventCountry "GRE"]
[SourceTitle "EXT 2011"]
[Source "ChessBase"]
[SourceDate "2010.11.26"]
[SourceVersion "1"]
[SourceVersionDate "2010.11.26"]
[SourceQuality "1"]
[WhiteTeam "Greece"]
[BlackTeam "Turkey"]
[WhiteTeamCountry "GRE"]
[BlackTeamCountry "TUR"]

1. e4 a6 2. d4 b5 3. Nf3 Bb7 4. Bd3 e6 5. 0-0 d6 6. Qe2 Nd7 7. a4 b4 8. Nbd2 g6 9. Rd1 Bg7 10. Nb3 a5 11. Bf4 Ne7 12. c4 bxc3 13. bxc3 0-0 14. Rdb1 Qc8 15. Nbd2 Nc6 16. Nc4 Ba6 17. Na3 e5 18. Be3 Bxd3 19. Qxd3 exd4 20. cxd4 Nb4 21. Qc3 c5 1/2-1/2

[Event "Ambelokipi op 72nd"]
[Site "Athens"]
[Date "2006.10.18"]
[Round "4"]
[White "Girvalakis, Spyridon"]
[Black "Khetsuriani, Besarion"]
[Result "0-1"]
[WhiteElo "2130"]
[BlackElo "2393"]
[PlyCount "62"]
[EventDate "2006.10.12"]
[EventType "swiss"]
[EventRounds "7"]
[EventCountry "GRE"]
[SourceTitle "EXT 2008"]
[Source "ChessBase"]
[SourceDate "2007.11.25"]
[SourceVersion "1"]
[SourceVersionDate "2007.11.25"]
[SourceQuality "1"]

1. e4 e5 2. Nf3 Nc6 3. Bb5 a6 4. Ba4 Nf6 5. 0-0 d6 6. d4 b5 7. Bb3 Nxd4 8. Nxd4 exd4 9. Bg5 Be7 10. a4 Bb7 11. Qxd4 c5 12. Qe3 c4 13. Ba2 Ng4 14. Qf4 Bxg5 15. Qxg4 Bf6 16. Nc3 Bxc3 17. bxc3 0-0 18. Rad1 Qa5 19. Rxd6 Qxa4 20. Bb1 Rae8 21. f3 Qa3 22. Qd7 Bc8 23. Qc7 Qxc3 24. Rfd1 f5 25. h3 Qe3+ 26. Kh1 fxe4 27. fxe4 Bxh3 28. gxh3 Qxh3+ 29. Kg1 Qg3+ 30. Kh1 Rf2 31. Qxg7+ Kxg7 0-1

[Event "Ambelokipi op 72nd"]
[Site "Athens"]
[Date "2006.10.14"]
[Round "3"]
[White "Vrettos, Vasilios"]
[Black "Girvalakis, Spyridon"]
[Result "0-1"]
[WhiteElo "2018"]
[BlackElo "2130"]
[PlyCount "54"]
[EventDate "2006.10.12"]
[EventType "swiss"]
[EventRounds "7"]
[EventCountry "GRE"]
[SourceTitle "EXT 2008"]
[Source "ChessBase"]
[SourceDate "2007.11.25"]
[SourceVersion "1"]
[SourceVersionDate "2007.11.25"]
[SourceQuality "1"]

1. d4 Nf6 2. c4 e6 3. Nc3 Bb4 4. a3 Bxc3+ 5. bxc3 c5 6. e3 Nc6 7. Nf3 Qa5 8. Qc2 d5 9. Bd2 Ne4 10. Bd3 f5 11. 0-0 0-0 12. Qa2 Qd8 13. Rac1 b6 14. cxd5 exd5 15. Ne1 c4 16. Be2 b5 17. f3 Nf6 18. f4 a5 19. Nf3 Ne4 20. Ne5 Rf6 21. Bf3 Bd7 22. Rc2 Rb8 23. Bxe4 fxe4 24. Qb1 Nxe5 25. fxe5 Rxf1+ 26. Kxf1 Qh4 27. Ke2 Bg4+ 0-1

[Event "Ambelokipi op 72nd"]
[Site "Athens"]
[Date "2006.10.11"]
[Round "2"]
[White "Girvalakis, Spyridon"]
[Black "Papamichael, Georgios"]
[Result "1-0"]
[WhiteElo "2130"]
[BlackElo "1949"]
[PlyCount "43"]
[EventDate "2006.10.12"]
[EventType "swiss"]
[EventRounds "7"]
[EventCountry "GRE"]
[SourceTitle "EXT 2008"]
[Source "ChessBase"]
[SourceDate "2007.11.25"]
[SourceVersion "1"]
[SourceVersionDate "2007.11.25"]
[SourceQuality "1"]

1. e4 e6 2. d4 d5 3. exd5 exd5 4. Bd3 Bd6 5. Qf3 c6 6. Ne2 Qf6 7. Bf4 Bxf4 8. Nxf4 Ne7 9. 0-0 0-0 10. Re1 Bf5 11. Nh5 Qg5 12. h4 Qxh4 13. Bxf5 Nxf5 14. Qxf5 g6 15. Qe5 Qxh5 16. Qc7 a5 17. Nc3 b5 18. Qb7 Ra6 19. Re7 Qg4 20. Rae1 Qc8 21. Qxc8 Rxc8 22. Re8+ 1-0